LEADER 03465nam 22006252 450 001 9910136864503321 005 20160607112953.0 010 $a1-316-66819-3 010 $a1-316-66879-7 010 $a1-316-66889-4 010 $a1-316-66899-1 010 $a1-316-66939-4 010 $a1-316-66909-2 010 $a1-316-66929-7 010 $a1-316-42415-4 035 $a(CKB)3710000000729509 035 $a(SSID)ssj0001682161 035 $a(PQKBManifestationID)16506657 035 $a(PQKBTitleCode)TC0001682161 035 $a(PQKBWorkID)14978487 035 $a(PQKB)10121905 035 $a(UkCbUP)CR9781316424155 035 $a(MiAaPQ)EBC4522466 035 $a(EXLCZ)993710000000729509 100 $a20150415d2016|||| uy| 0 101 0 $aeng 135 $aur||||||||||| 181 $ctxt$2rdacontent 182 $cc$2rdamedia 183 $acr$2rdacarrier 200 10$aBiologically modified justice /$fColin Farrelly$b[electronic resource] 210 1$aCambridge :$cCambridge University Press,$d2016. 215 $a1 online resource (xix, 276 pages) $cdigital, PDF file(s) 300 $aTitle from publisher's bibliographic system (viewed on 06 Jun 2016). 311 $a1-107-12953-2 311 $a1-107-56851-X 320 $aIncludes bibliographical references and index. 327 $aThe Genetic Revolution -- Empirical Ethics and Singer's Principle of Preventing Bad Occurrences -- The Duty to Extend the Biological Warranty Period -- Equality and the Duty to Retard Human Aging -- Framing the Inborn Aging Process and Longevity Science -- Science and Justice -- Genetic Justice and the Limitations of Formulating Distributive "Ideals" -- Normative Theorizing about Genetics : A Response to Loi -- Gene Patents and Justice -- PGD and Reproductive Freedom -- Historical Materialism and Patriarchy. 330 $aTheories of distributive justice tend to focus on the issue of what constitutes a fair division of 'external' goods and opportunities; things like wealth and income, opportunities for education and basic liberties and rights. However, rapid advances in the biomedical sciences have ushered in a new era, one where the 'genetic lottery of life' can be directly influenced by humans in ways that would have been considered science fiction only a few decades ago. How should theories of justice be modified to take seriously the prospect of new biotechnologies, especially given the health challenges posed by global aging? Colin Farrelly addresses a host of topics, ranging from gene therapy and preimplantation genetic diagnosis, to an 'anti-aging' intervention and the creation and evolution of patriarchy. This book aims to foster the interdisciplinary dialogue needed to ensure we think rationally and cogently about science and science policy in the twenty-first century. 606 $aBiotechnology$xMoral and ethical aspects 606 $aAging$xMoral and ethical aspects 606 $aGenetics$xMoral and ethical aspects 606 $aDistributive justice 615 0$aBiotechnology$xMoral and ethical aspects. 615 0$aAging$xMoral and ethical aspects. 615 0$aGenetics$xMoral and ethical aspects. 615 0$aDistributive justice. 676 $a660.6 700 $aFarrelly$b Colin Patrick$01075064 801 0$bUkCbUP 801 1$bUkCbUP 906 $aBOOK 912 $a9910136864503321 996 $aBiologically modified justice$92583527 997 $aUNINA LEADER 04827nam 2200625 a 450 001 9910966425703321 005 20251117115945.0 010 $a1-134-85445-5 010 $a0-203-01497-9 010 $a1-280-33424-X 035 $a(CKB)1000000000002691 035 $a(SSID)ssj0000149827 035 $a(PQKBManifestationID)11170194 035 $a(PQKBTitleCode)TC0000149827 035 $a(PQKBWorkID)10238381 035 $a(PQKB)11783123 035 $a(MiAaPQ)EBC165135 035 $a(Au-PeEL)EBL165135 035 $a(CaPaEBR)ebr5004884 035 $a(CaONFJC)MIL33424 035 $a(OCoLC)71832164 035 $a(EXLCZ)991000000000002691 100 $a19941108d1995 uy 0 101 0 $aeng 135 $aurcn||||||||| 181 $ctxt 182 $cc 183 $acr 200 00$aEthical issues in social work /$fedited by Richard Hugman and David Smith 205 $a1st ed. 210 $aLondon ;$aNew York $cRoutledge$d1995 215 $ax, 200 p. $cill 225 1 $aProfessional ethics 300 $aBibliographic Level Mode of Issuance: Monograph 311 08$a0-415-10109-3 311 08$a0-415-10110-7 320 $aIncludes bibliographical references and index. 327 $aIntro -- Ethical issues in social work -- Copyright -- Contents -- Series editors' foreword -- Notes on contributors -- Chapter 1 Ethical issues in social work: an overview -- Introduction -- Ethics: the means-ends relationship -- The 'classic' writing: decontextualisation -- The 'critical' writing: politicisation -- The contemporary situation -- Rethinking social work ethics -- The contents of this book -- Chapter 2 In search of the holy grail -- Introduction -- Starting anti-racism -- Utilitarianism -- Differing goals -- Chapter 3 Ethical issues in social work research -- Introduction -- Social work and research -- Research methods and social work -- Research interpretation -- Research topic choice -- Client protection -- Coda -- Chapter 4 Confidentiality, accountability and the boundaries of client-worker relationships -- Introduction -- Defining confidentiality and accountability -- Confidentiality and accountability: three dialogues -- Comment -- Conclusion -- Coda for practice -- Chapter 5 The morally active practitioner and the ethics of anti-racist social work -- Introduction -- Ethics and moral responsibility -- Anti-racism and social work -- Codes, ethics, practice -- Conclusion -- Chapter 6 Feminist ethics in practice -- Introduction -- The feminist critique -- Feminist social work as empowerment -- Towards feminist anti-discriminatory practice -- Chapter 7 Managerialism and the ethics of management -- Introduction -- Support for staff -- The use of power -- Leadership style -- A problem-solving model -- Conclusion -- Chapter 8 Enforced altruism in community care -- Introduction -- The political and professional context of community care policies and practice -- Community care: ethical dilemmas in practice -- 'Enforced altruism' -- Chapter 9 Can social work empower? -- Introduction -- What is empowerment?. 327 $aSocial work and child sexual abuse -- Social workers as survivors -- Empowering social work -- Chapter 10 Towards a new view of probation values -- Introduction -- The limits of genericism -- The rise of benevolent corporatism -- Conclusion -- Index. 330 $aIt has always been recognised that the practice of social work raises ethical questions and dilemmas. Recently, however, traditional ways of addressing ethical issues in social work have come to seem inadequate, as a result of developments both in philosophy and in social work theory and practice. This collection of thought-provoking essays explores the ethics of social work practice on the light of these changes. Ethical Issues in Social Work provides up to date critical analyses of the ethical implications of new legislation in community care and criminal justice, and of trends in social work thought and policy, such as managerialism, user empowerment, feminism and anti-oppressive practice. This study provides important and stimulating reading for social work students and their teachers, and for all practitioners and managers who are concerned about the ethical dimensions of their work. 410 0$aProfessional ethics. 606 $aSocial service$xMoral and ethical aspects 606 $aSocial workers$xProfessional ethics 615 0$aSocial service$xMoral and ethical aspects. 615 0$aSocial workers$xProfessional ethics. 676 $a174/.9362 701 $aHugman$b Richard$f1954-$0919683 701 $aSmith$b David$f1947-$01879442 801 0$bMiAaPQ 801 1$bMiAaPQ 801 2$bMiAaPQ 906 $aBOOK 912 $a9910966425703321 996 $aEthical issues in social work$94492652 997 $aUNINA